Marketing : real people, real choices / (Record no. 1788)

000 -LEADER
fixed length control field 00610nam a22001937a 4500
003 - CONTROL NUMBER IDENTIFIER
control field OSt
005 - DATE AND TIME OF LATEST TRANSACTION
control field 20150506145045.0
008 - FIXED-LENGTH DATA ELEMENTS--GENERAL INFORMATION
fixed length control field 150506b xxu||||| |||| 00| 0 eng d
020 ## - INTERNATIONAL STANDARD BOOK NUMBER
International Standard Book Number 9780137142538
050 ## - LIBRARY OF CONGRESS CALL NUMBER
Classification number HF5415.35 .S65 2009
100 ## - MAIN ENTRY--PERSONAL NAME
Personal name Solomon, Michael R.
245 ## - TITLE STATEMENT
Title Marketing : real people, real choices /
Statement of responsibility, etc Michael R. Solomon, Elnora W. Stuart.
250 ## - EDITION STATEMENT
Edition statement 6th ed.
260 ## - PUBLICATION, DISTRIBUTION, ETC. (IMPRINT)
Place of publication, distribution, etc London
Name of publisher, distributor, etc Prentice Hall,
Date of publication, distribution, etc 2009
300 ## - PHYSICAL DESCRIPTION
Extent 624p.
Other physical details ill. (chiefly coloured), maps
504 ## - BIBLIOGRAPHY, ETC. NOTE
Bibliography, etc Includes bibliographical references and index.
650 ## - SUBJECT ADDED ENTRY--TOPICAL TERM
Topical term or geographic name as entry element Marketing--
General subdivision Vocational guidance.
942 ## - ADDED ENTRY ELEMENTS (KOHA)
Source of classification or shelving scheme
Koha item type Book
Holdings
Withdrawn status Lost status Source of classification or shelving scheme Damaged status Not for loan Home library Current library Shelving location Date acquired Total Checkouts Full call number Barcode Date last seen Copy number Price effective from Koha item type
          Riara University Library Riara University Library General stack 06/05/2015   HF5415.35 .S65 2009 5779/15 06/05/2015 C.1 06/05/2015 Book

Riara University Library,
P.O. Box 49940-00100,
Nairobi, Kenya.